00661nam a2200217 a 4500001001300000003000900013005001700022008004100039020002400080082001600104100002700120245002900147260004200176300000900218500003500227650002800262902000800290942000700298952012100305999001700426nice12345678IN_TiNIC20260116015023.0080522s2006 cara grp 000 0 eng  a1842274104 c174000a248.24bPAR aPartridge, Christopher aFinding and Losing Faith aCarlisle.UkbPaternoster Press c2006 a238p aincludes index and biblioraphy aConversion-Christianity bSRS cBK 001040708StackRoom-aHMIbHMId2008-05-22g1740.00l0o248.24 PARp11002083r2008-05-22v1740.00w2008-05-22yBK c17973d17973